Theorie statistique des champs. T.2 T.2
Tallennettuna:
| Päätekijä: | |
|---|---|
| Aineistotyyppi: | Kirja |
| Julkaistu: |
InterÉditions ; CNRS Éditions
1989
|
| Tagit: |
Lisää tagi
Ei tageja, Lisää ensimmäinen tagi!
|
| Thư viện lưu trữ: | Mạng thư viện Đại học Đà Nẵng |
|---|
| LEADER | 00591nam a2200229 a 4500 | ||
|---|---|---|---|
| 001 | 000030134 | ||
| 003 | 25496 | ||
| 005 | 20171030145630.0 | ||
| 008 | 171030s1989 | ||
| 040 | |a LTT | ||
| 082 | 0 | |a 512 |b IT-C | |
| 100 | 1 | |a Itzykson, Claude | |
| 245 | 0 | 0 | |a Theorie statistique des champs. T.2 |c Claude Itzykson, Jean-Michel Drouffe. |n T.2 |
| 260 | |b InterÉditions ; CNRS Éditions |c 1989 | ||
| 500 | |a VSVN | ||
| OWN | |a LTT | ||
| 999 | |a From the UDN01 | ||
| TYP | |a Monograph | ||
| TYP | |a Printed language | ||
| 980 | |a Mạng thư viện Đại học Đà Nẵng | ||